000 00307 a2200157 4500
001 186575
020 _a
040 _cMagnum
240 1 0 _aO pé- de-chulé
_lpor
245 1 0 _aO pé- de-chulé
300 _a12
362 0 _a1995
440 1 _aBagaço
697 _aLITERATURA INFANTIL
942 _cBK
999 _c186575
_d186575